Quizzes
Events
Quiz Creation
Community
Videos
Private Events
Remove Ads
Sign In
Join for FREE
Feedback
Dark Mode
Quiz Categories
Sports
Geography
Music
Movies
Television
Just For Fun
Miscellaneous
History
Literature
Language
Science
Gaming
Entertainment
Religion
Holiday
For Kids
Quiz Lab
Recent
Popular Today
Quiz Kudos Today
Editor Picks
Curator Picks
Quizzes by...
Day
Popularity
Type
Ratings
Length
Year
Community
Subscriptions
Recent Discussions
Orange Saloon
Badges
Playlists
Quests
Create
Leaderboards
Showdown
Live 5
Trivia Bingo
Activity
Puzzle Library
Sporcle Events
Private Events
Virtual Trivia
Globe League
Become a Host
Pub Owners
SporcleCon
Opinionation
Our Games
Videos
Blog
Mobile Apps
Partnerships
Remove Ads and Go Orange
Feedback
Music
Pop Music
The Beatles
Song
Album
Lyrics
Bands
Singers
Artist
Clip
Rock
Rap
Classical
Billboard
Country Music
Kpop
Taylor Swift
Music
Pop Music
The Beatles
Song
Album
Lyrics
Bands
Singers
Artist
Clip
Rock
Rap
Classical
Billboard
Country Music
Kpop
Taylor Swift
Random Quiz
Search Sporcle
×
Quiz Lab
Quiz Lab
Music
Type in answers that appear in a list
Type in answers that appear in a list
Classic
Best Score? Go Orange.
Eminem Songs by Lyric Stats
Can you name the can you name the eminem's song?
By
FraanPereezok
10m
21 Questions
96 Plays
96 Plays
96 Plays
Comments
Comments
Give Quiz Kudos
Give Quiz Kudos
-
- Ratings
hide this ad
Replay
Link that replays current quiz
Next Quiz
Link to next quiz in quiz playlist
You Got
0%
They Got
Avg Score
75%
Avg Friend Score
Upgrade to see
Score Distribution
Jump to the score distribution portion of the page
Score
0/21
Timer
10:00
0
Plays Today
Hint
Answer
% Correct
My girlfriend's jealous cause I talk about you 24/
7
Stan
90.6%
Laney uncles crazy, ain't he? Yeah, but he loves you girl and you better know it
Mockingbird
90.6%
Yeah, I probably got a couple of screws up in my head loose
The Real Slim Shady
88.5%
I've created a monster, 'cause nobody wants to see Marshall no more they want Shady I'm chopped liver
Without Me
88.5%
I sit back with this pack of Zig Zags and this bag of this weed
The Way I Am
85.4%
Remember when Ronnie died and you said you wished it was me? Well guess what, I am dead
Cleanin' Out My Closet
85.4%
That's Slim Shady, yeah baby, Slim Shady's crazy Shady made me, but tonight Shady's rocka-
by-
baby...
When I'm Gone
85.4%
You're walkin' down a horror corridor It's almost 4 in the morning and you're in a Nightmare
3 AM
83.3%
Saturday through Sunday, Monday, Monday through Sunday yo
Superman
79.2%
(Song Title) I’m spilling these raps long as you feel 'em
'Till I Collapse
79.2%
Come here little kiddies, On my lap Guess who's back with a brand new rap?
Just Lose It
78.1%
Hint
Answer
% Correct
(Song Title) let your body waddle Don't act like a snobby model you just hit the lotto
Crack A Bottle
77.1%
I heard him say Hailie's name on a song and I just lost it It was crazy
Like Toy Soldiers
76%
Maybe that's what happens when a tornado meets a volcano
Love The Way You Lie
76%
Don't make me wake this baby She don't need to see what I'm about to do
Kim
75%
Some days I sit starin' out the window Watchin' this world pass me by
Hailie's Song
68.8%
Look at the store clerk, she's older than George Burns
Guilty Conscience
66.7%
These are the results of a thousand electric volts A neck with bolts, Nurse we're losin him, check the pulse!
Brain Damage
60.4%
I'm a menace, a dentist, an oral hygienist Open your mouth for about four or five minutes
Shake That
57.3%
I spit it once, refuel, reenergize, and rewind
Mosh
52.1%
I smell blood, I don't give a ****: keep giving them hell Where was you when I fell and needed help up?
No Love
40.6%
Quiz Playlist
Details
Report
Send in Message
Add To Playlist
Classic:
Type in answers that appear in a list
Last Updated: Feb 16, 2017
Quiz Scoreboard
CHALLENGE
Sign Up to Join the Scoreboard
Show All
Scores
Hide
Comments
May contain spoilers
Recently Published
One Thing in Common: World Cities II
by knightlancer
Geography
7m
Popular People in 1961
by mucciniale
History
6m
1-10 Letter E Words III
by El_Dandy
Language
2m
More to Explore
Quiz From the Vault
Featured Blog Post
Where Did the Easter Bunny Come From?
hide this ad
You Might Also Like...
Tags
This quiz does not have any tags.
Today's Top Quizzes in Music
Browse Music
hide this ad
Top Contributed Quizzes in Music
1
Taylor Swift All Songs (2024)
2
2010s Album by Cover III
3
One Thing in Common: Music
4
Taylor Swift Logic Puzzle
5
Guess the Artist- 70s Songs
6
2010s Album by Cover IV
7
Guess the Taylor Swift song (Mystery Song)
8
2010s Album by Cover V
9
Lana Del Rey Discography (BTD to DYKTTATUOB)
10
2010s Album by Cover VI
Explore More
Trending Topics
Crossword
Anime
Kpop
NBA
Harry Potter
Disney
Marvel
The Office
Pokémon
WWE
Soccer
NFL
Country
Song
Puzzle
hide this ad
More By:
FraanPereezok
Quiz
Plays
Rating
Category
Featured
Created
Eminem Songs by Lyric
96
5.00
Music
Aug 30, 2013
Go to Creator's Profile
Score Distribution
Quiz Creator Spotlight
FraanPereezok
Follow
Send a Message
Quizzes Created
-
Created Quiz Play Count
-
More By This Creator
Popular Quizzes Today
1
Find the US States - No Outlines Minefield
2
Find the Countries of Europe - No Outlines Minefield
3
The Countries of the World
4
Popular People in 1961
5
1-10 Letter E Words III
6
Find the US States
7
One Thing in Common: World Cities II
8
US States
More Music Quizzes
KISS Studio Album Songs
Published
Trending Quizzes
Risky Map Clicking: Least Populous States A-Z
1-10 Letter F Words
1-10 Letter G Words
One Thing in Common: United Kingdom
Risky Map Clicking: Biggest States A-Z
Recently Updated
Leaping Animals
pecheneg
Reality TV Shows (A-Z)
bhenderson79
Rickey Henderson's Hall of Fame Teammates
pecheneg
Champions League XIs: Arsenal
pecheneg
Quick Pick: Celebrities in WWE's Hall of Fame
aduchscher
A-Z Keypad Blitz II
pecheneg
Multiple Oscar Actors
pecheneg
Mystery Phrase Blitz: Oscar 'Best Actors'
pecheneg
F. Scott Fitzgerald Novels
LTH
Pick 3 Villains
ddd62291
Trending Topics
Anime
Marvel
Harry Potter
Kpop
Disney
NBA
Crossword
Country
WWE
NFL
Puzzle
The Office
Soccer
Pokémon
Song
Your Account Isn't Verified!
In order to create a playlist on Sporcle, you need to verify the email address you used during registration. Go to your
Sporcle Settings
to finish the process.
Report this User
Report this user for behavior that violates our
Community Guidelines
.
Details:
Send Report
Go to the Sporcle.com Mobile Site →
Comments